Rosa Inter 2025-2026 - Statistics

Statistiche generali
  • Questo quiz è stato fatto 169 volte
  • Il punteggio medio è 23 su 25
Statistiche sulle risposte
Ruolo Nazionalità N° Maglia Giocatore % Corretto
P i 1 Yann Sommer
99%
D i 95 Alessandro Bastoni
98%
D i 2 Denzel Dumfries
96%
A i 10 Lautaro Martínez
96%
A i 9 Marcus Thuram
96%
Allenatore i - Cristian Chivu
95%
P i 13 Josep Martínez Riera
95%
C i 23 Nicolò Barella
95%
A i 94 Pio Esposito
95%
D i 32 Federico Dimarco
94%
D i 15 Francesco Acerbi
92%
D i 25 Manuel Akanji
92%
A i 14 Ange-Yoan Bonny
91%
C i 20 Hakan Çalhanoğlu
91%
D i 31 Yann-Aurel Bisseck
91%
D i 6 Stefan De Vrij
90%
C i 16 Davide Frattesi
88%
C i 7 Piotr Zieliński
88%
C i 17 Andy Diouf
87%
D i 30 Carlos Augusto Zopolato Neves
87%
C i 8 Petar Sučić
86%
C i 11 Luis Henrique Tomaz De Lima
84%
D i 36 Matteo Darmian
84%
P i 12 Raffaele Di Gennaro
79%
C i 22 Henrikh Mkhitaryan
78%
Nessun quiz corrispondente trovato
Distribuzione punteggi
Percentuale di utenti per punteggio
Percentile per numero di risposta
I tuoi punteggi nel tempo
Non hai fatto questo quiz